A GUIDE-book to medicinal plants of Perlis

Bibliographic Details
Corporate Author: Malaysia
Other Authors: Kasim Osman
Format: Book
Published: Kangar, Peerlis : Jabatan Perhutanan Negeri Perlis , 2002
Subjects:

MARC

LEADER 00000cam a2200000 7i4500
001 0000001922
005 20040225.0
020 0 0 |a 9834065337 
090 0 0 |a JPSM581.63409595110   |b GUI 2002 
245 0 2 |a A GUIDE-book to medicinal plants of Perlis   |c Kasim Osman ... (et al.) 
260 0 0 |a Kangar, Peerlis :   |b Jabatan Perhutanan Negeri Perlis ,   |c 2002 
300 |a 139 p. :   |b col. ill. ;   |c 19 x 9 cm. 
650 0 0 |a Medicinal plants   |z Perlis 
700 0 1 |a Kasim Osman 
710 1 1 |a Malaysia ,   |c Jabatan Perhutanan Negeri Perlis 
998 |a JPSM 
999 |a 0000003145   |b Monograph   |c Reference   |e Default branch 
999 |a 0000004406   |b Monograph   |c Open Shelf   |e Default branch